A universal homecoming? : (Record no. 712)
[ view plain ]
| 000 -LEADER | |
|---|---|
| fixed length control field | 00808mam a2200253 a 4500 |
| 001 - CONTROL NUMBER | |
| control field | 331104 |
| 003 - CONTROL NUMBER IDENTIFIER | |
| control field | OSt |
| 005 - DATE AND TIME OF LATEST TRANSACTION | |
| control field | 20180823095610.0 |
| 008 - FIXED-LENGTH DATA ELEMENTS--GENERAL INFORMATION | |
| fixed length control field | 930420r19901983xxu rb 000 0 eng d |
| 035 ## - SYSTEM CONTROL NUMBER | |
| System control number | (OCoLC)27951919 |
| 035 ## - SYSTEM CONTROL NUMBER | |
| System control number | (OCoLC)ocm27951919 |
| 040 ## - CATALOGING SOURCE | |
| Original cataloging agency | PTS |
| Transcribing agency | PTS |
| 049 ## - LOCAL HOLDINGS (OCLC) | |
| Holding library | PTSS |
| 082 ## - DEWEY DECIMAL CLASSIFICATION NUMBER | |
| Classification number | 289.1 |
| Item number | F363U |
| 090 ## - LOCALLY ASSIGNED LC-TYPE CALL NUMBER (OCLC); LOCAL CALL NUMBER (RLIN) | |
| Classification number (OCLC) (R) ; Classification number, CALL (RLIN) (NR) | BX9947 |
| Local cutter number (OCLC) ; Book number/undivided call number, CALL (RLIN) | .F47 1990 |
| 100 1# - MAIN ENTRY--PERSONAL NAME | |
| Personal name | Fernando, Ajith. |
| 245 12 - TITLE STATEMENT | |
| Title | A universal homecoming? : |
| Remainder of title | an examination of the case for universalism / |
| Statement of responsibility, etc. | Ajith Fernando ; Foreword by Saphir Athyal. |
| 260 ## - PUBLICATION, DISTRIBUTION, ETC. | |
| Place of publication, distribution, etc. | Madras : |
| Name of publisher, distributor, etc. | Evangelical Literature Service, |
| Date of publication, distribution, etc. | c1983. |
| 300 ## - PHYSICAL DESCRIPTION | |
| Extent | 191, [1] p. ; |
| Dimensions | 23 x 29 cm. |
| 504 ## - BIBLIOGRAPHY, ETC. NOTE | |
| Bibliography, etc. note | Bibliography: p. 176-[192]. |
| 533 ## - REPRODUCTION NOTE | |
| Type of reproduction | Photocopy. |
| Place of reproduction | [s.l. : |
| Agency responsible for reproduction | s.n., |
| Date of reproduction | 1990] |
| Physical description of reproduction | 23 x 29 cm. |
| 650 #0 - SUBJECT ADDED ENTRY--TOPICAL TERM | |
| Topical term or geographic name entry element | Universalism |
| General subdivision | Controversial literature. |
| 942 ## - ADDED ENTRY ELEMENTS (KOHA) | |
| Source of classification or shelving scheme | Dewey Decimal Classification |
| Koha item type | Books |
| Withdrawn status | Lost status | Source of classification or shelving scheme | Damaged status | Not for loan | Collection code | Home library | Current library | Shelving location | Date acquired | Total Checkouts | Full call number | Barcode | Date last seen | Price effective from | Koha item type |
|---|---|---|---|---|---|---|---|---|---|---|---|---|---|---|---|
| Dewey Decimal Classification | Non-fiction | Harvest Mission College | Harvest Mission College | General Stacks | 23.08.2018 | 289.1 F363U | 000591 | 23.08.2018 | 23.08.2018 | Books | |||||
| Dewey Decimal Classification | Non-fiction | Harvest Mission College | Harvest Mission College | General Stacks | 23.08.2018 | 289.1 F363U | 000590 | 23.08.2018 | 23.08.2018 | Books |
